Fr. Conceicao Rodrigues College of Engineering

The People Of Pakistan (Record no. 21287)

MARC details
000 -LEADER
fixed length control field 00313nam a2200145Ia 4500
082 ## - DEWEY DECIMAL CLASSIFICATION NUMBER
Classification number 954.9
100 ## - MAIN ENTRY--PERSONAL NAME
Personal name GAukovsky/Yu.I
245 ## - TITLE STATEMENT
Title The People Of Pakistan
260 ## - PUBLICATION, DISTRIBUTION, ETC.
Name of publisher, distributor, etc. Nauka Publishing House
Date of publication, distribution, etc. 1971
300 ## - PHYSICAL DESCRIPTION
Extent 247
546 ## - LANGUAGE NOTE
Language note ENGLISH
650 ## - SUBJECT ADDED ENTRY--TOPICAL TERM
Topical term or geographic name entry element General
654 ## - SUBJECT ADDED ENTRY--FACETED TOPICAL TERMS
Focus term Pakistan People
942 ## - ADDED ENTRY ELEMENTS (KOHA)
Koha item type BOOK
Holdings
Withdrawn status Lost status Damaged status Not for loan Collection Home library Current library Date acquired Cost, normal purchase price Total Checkouts Full call number Barcode Date last seen Cost, replacement price Price effective from Koha item type
        AFT Fr. Agnel's C.Rodrigues College of Engineering Fr. Agnel's C.Rodrigues College of Engineering 17/03/2023 7.00   954.9 AFT1122 17/03/2023 7.00 17/03/2023 BOOK